[Event "Intel Chess Grand Pr"]
[Site "Intel Chess Grand Pr"]
[Date "1995.??.??"]
[Round "?"]
[White "Kramnik, Vladimir"]
[Black "Kasparov, Gary"]
[Result "0-1"]
[WhiteElo "2715"]
[BlackElo "2805"]
[PlyCount "58"]
[EventDate "1995.??.??"]
[Source "www.chesslib.no"]
[SourceDate "2004.05.04"]

1. Nf3 Nf6 2. c4 g6 3. Nc3 Bg7 4. e4 d6 5. d4 O-O 6. Be2 e5 7. d5 a5 8. Bg5 h6 9. Bh4 Na6 10. O-O Qe8 11. Nd2 Nh7 12. a3 h5 13. f3 Bd7 14. b3 f5 15. Rb1 Nc5 16. Nb5 Bxb5 17. cxb5 Bh6 18. exf5 gxf5 19. b6 cxb6 20. Bb5 Qc8 21. Kh1 Rd8 22. Re1 Kf8 23. Rxe5 dxe5 24. Qf1 Nd3 25. f4 Qc3 26. Qxd3 Bg7 27. Ba6 Qxb3 28. Bxb7 Qc4 29. Bxa8 Qa4 0-1

[Event "Madrid ESP"]
[Site "Madrid ESP"]
[Date "1994.??.??"]
[Round "2"]
[White "Shirov, Alexei D"]
[Black "Polgar, Judit"]
[Result "0-1"]
[WhiteElo "2715"]
[BlackElo "2630"]
[PlyCount "22"]
[EventDate "1994.??.??"]
[Source "www.chesslib.no"]
[SourceDate "2004.05.04"]

1. d4 Nf6 2. c4 g6 3. Nc3 Bg7 4. e4 d6 5. Be2 O-O 6. Nf3 e5 7. d5 a5 8. Bg5 Re8 9. Bh4 h5 10. b3 Bg4 11. Rb1 Na6 0-1

[Event "Deutschland"]
[Site "?"]
[Date "1994.??.??"]
[Round "?"]
[White "Kramnik, Vladimir"]
[Black "Bologan, V."]
[Result "1/2-1/2"]
[WhiteElo "2725"]
[BlackElo "2600"]
[PlyCount "88"]
[EventDate "1994.??.??"]
[Source "ChessBase"]
[SourceDate "1994.10.01"]

1. d4 Nf6 2. c4 g6 3. Nc3 Bg7 4. e4 d6 5. Nf3 O-O 6. Be2 e5 7. d5 a5 8. Bg5 h6 9. Bh4 Na6 10. O-O Bd7 11. Nd2 Qe8 12. b3 Nh7 13. a3 h5 14. f3 Bh6 15. Kh1 Be3 16. Qc2 f5 17. exf5 gxf5 18. Bf2 Bxf2 19. Rxf2 Nf6 20. Rg1 Kh8 21. Qb2 c5 22. f4 Nc7 23. h3 Qg6 24. fxe5 Qg3 25. Nde4 Nxe4 26. Nxe4 fxe4 27. Rxf8+ Rxf8 28. e6+ Qg7 29. Qxg7+ Kxg7 30. exd7 Rd8 31. Bxh5 Rxd7 32. Re1 Re7 33. Bf3 e3 34. Bg4 b5 35. cxb5 Nxb5 36. Be6 Nxa3 37. Rxe3 Nc2 38. Rg3+ Kf6 39. Rf3+ Ke5 40. Rf5+ Ke4 41. Rf1 Nd4 42. g4 Nxe6 43. dxe6 d5 44. g5 Rxe6 1/2-1/2

[Event "Jugoslavija"]
[Site "?"]
[Date "1995.??.??"]
[Round "?"]
[White "Zvjaginsev, V."]
[Black "Beliavsky, A."]
[Result "0-1"]
[WhiteElo "2600"]
[BlackElo "2650"]
[PlyCount "100"]
[EventDate "1995.??.??"]
[Source "ChessBase"]
[SourceDate "1995.06.01"]

1. d4 Nf6 2. c4 g6 3. Nc3 Bg7 4. e4 d6 5. Nf3 O-O 6. Be2 e5 7. d5 a5 8. h3 Nh5 9. Nd2 Nf4 10. Bf1 Na6 11. g3 Nh5 12. Nb3 c6 13. Be3 Bd7 14. a4 Nb4 15. Rc1 Qe7 16. c5 cxd5 17. cxd6 Qd8 18. Nxd5 Nxd5 19. Qxd5 Nf6 20. Qd3 Bxa4 21. Nc5 Bc6 22. Bg2 Qb8 23. f4 Nh5 24. Bf3 Rd8 25. Bxh5 Rxd6 26. Qc4 gxh5 27. O-O Qe8 28. fxe5 Rg6 29. Rf5 Bxe5 30. g4 hxg4 31. h4 Rd8 32. h5 Rgd6 33. Qe2 Kh8 34. Qxg4 f6 35. Bf4 Qg8 36. Qxg8+ Rxg8+ 37. Kf2 Bxf4 38. Rxf4 b6 39. Nb3 Be8 40. Rc4 Bxh5 41. Nd4 Bg6 42. Nf3 Re8 43. Nh4 Kg8 44. Rc7 Rde6 45. Nxg6 hxg6 46. Kf3 R8e7 47. Rc8+ Kg7 48. Rh4 Re8 49. Rc7+ R6e7 50. Rc6 g5 0-1

[Event "Jugoslavija"]
[Site "?"]
[Date "1995.??.??"]
[Round "?"]
[White "Zvjaginsev, V."]
[Black "Beliavsky, A."]
[Result "0-1"]
[WhiteElo "2585"]
[BlackElo "2650"]
[PlyCount "82"]
[EventDate "1995.??.??"]
[Source "ChessBase"]
[SourceDate "1995.02.01"]

1. d4 Nf6 2. c4 g6 3. Nc3 Bg7 4. e4 d6 5. Be2 O-O 6. Nf3 e5 7. d5 a5 8. h3 Nfd7 9. h4 f5 10. h5 Nf6 11. hxg6 hxg6 12. Bg5 Na6 13. Nd2 Nc5 14. Nb3 b6 15. Nxc5 bxc5 16. exf5 Bxf5 17. g4 Bd7 18. Qd3 Qe8 19. Qh3 e4 20. Bh6 Qe5 21. O-O-O Nh5 22. Bxg7 Kxg7 23. Qh2 Qxh2 24. Rxh2 Nf4 25. g5 Rh8 26. Rdh1 Rxh2 27. Rxh2 Re8 28. Kd2 Nh3 29. Ke3 Nxg5 30. Rg2 Kf6 31. Kf4 Nh3+ 32. Ke3 Bf5 33. Nb5 Re7 34. Rh2 g5 35. Rg2 Nf4 36. Rh2 Bh3 37. Bd1 Bf1 38. b3 Ng2+ 39. Kd2 Nh4 40. Ke1 Bg2 41. Kd2 Ke5 0-1

[Event "Chigorin Memorial"]
[Site "Sochi RUS"]
[Date "1977.??.??"]
[Round "?"]
[White "Petrosian, Tigran V"]
[Black "Geller, Efim P"]
[Result "1/2-1/2"]
[WhiteElo "2645"]
[BlackElo "2590"]
[PlyCount "36"]
[EventDate "1977.08.31"]
[Source "www.chesslib.no"]
[SourceDate "2004.05.04"]

1. d4 Nf6 2. c4 g6 3. Nc3 Bg7 4. e4 d6 5. Be2 O-O 6. Nf3 e5 7. d5 a5 8. Be3 Ng4 9. Bg5 f6 10. Bh4 Na6 11. Nd2 h5 12. a3 Bd7 13. O-O Qe8 14. h3 Nh6 15. b3 f5 16. f3 Kh8 17. Rb1 Rg8 18. g4 Nf7 1/2-1/2

[Event "Elenite"]
[Site "?"]
[Date "1995.??.??"]
[Round "?"]
[White "Gulko, B."]
[Black "Georgiev, Ki"]
[Result "0-1"]
[WhiteElo "2620"]
[BlackElo "2605"]
[PlyCount "114"]
[EventDate "1995.??.??"]
[Source "ChessBase"]
[SourceDate "1995.06.01"]

1. c4 Nf6 2. Nc3 g6 3. d4 Bg7 4. e4 d6 5. Nf3 O-O 6. Be2 e5 7. d5 a5 8. h3 Na6 9. Bg5 h6 10. Be3 Nc5 11. Nd2 Bd7 12. Qc2 c6 13. O-O Ne8 14. Rad1 f5 15. dxc6 Bxc6 16. exf5 gxf5 17. f4 exf4 18. Rxf4 Qg5 19. Nf3 Qe7 20. Qd2 Ne6 21. Nd5 Bxd5 22. Qxd5 Nf6 23. Qxd6 Qxd6 24. Rxd6 Nxf4 25. Bxf4 Rfe8 26. Kf1 Nh5 27. Bh2 f4 28. Nh4 Ng3+ 29. Bxg3 fxg3 30. Bf3 Rad8 31. Nf5 Rxd6 32. Nxd6 Re7 33. Bxb7 Bxb2 34. Bd5+ Kf8 35. Nf5 Re5 36. Nxg3 Re3 37. Ne4 Ke7 38. c5 Be5 39. Kf2 Bd4 40. Kf1 Bxc5 41. Nxc5 Re5 42. Bb3 Rxc5 43. g4 Rc3 44. Kg2 Kf6 45. h4 Ke5 46. g5 h5 47. Bd1 Ra3 48. Bxh5 Rxa2+ 49. Kf3 a4 50. Bf7 Rb2 51. Kg4 a3 52. Kh5 Kf5 53. Kh6 a2 54. Bxa2 Rxa2 55. Kg7 Rg2 56. Kf7 Rg4 57. h5 Kxg5 0-1

[Event "GRE-chT 29th"]
[Site "Athens"]
[Date "2000.07.08"]
[Round "3"]
[White "Khenkin, Igor"]
[Black "Spasov, Vasil"]
[Result "1/2-1/2"]
[WhiteElo "2622"]
[BlackElo "2593"]
[PlyCount "22"]
[EventDate "2000.07.06"]
[Source "www.chesslib.no"]
[SourceDate "2004.05.04"]

1. d4 g6 2. Nf3 Nf6 3. c4 Bg7 4. Nc3 O-O 5. e4 d6 6. Be2 e5 7. d5 a5 8. h3 Na6 9. Bg5 Nc5 10. Nd2 Bd7 11. g4 a4 1/2-1/2

[Event "Linares ESP"]
[Site "Linares ESP"]
[Date "1988.??.??"]
[Round "?"]
[White "Chiburdanidze, Maia G"]
[Black "Nunn, John D M"]
[Result "0-1"]
[WhiteElo "2560"]
[BlackElo "2615"]
[PlyCount "26"]
[EventDate "1988.??.??"]
[Source "www.chesslib.no"]
[SourceDate "2004.05.04"]

1. d4 Nf6 2. c4 g6 3. Nc3 Bg7 4. e4 O-O 5. Nf3 d6 6. Be2 e5 7. d5 a5 8. h3 Na6 9. Bg5 h6 10. Be3 Nc5 11. Nd2 Bd7 12. g4 c6 13. h4 a4 0-1

[Event "Biel (izt)"]
[Site "?"]
[Date "1993.??.??"]
[Round "?"]
[White "Illescas Cordoba, M."]
[Black "Frolov, A."]
[Result "1/2-1/2"]
[WhiteElo "2625"]
[BlackElo "2535"]
[PlyCount "99"]
[EventDate "1993.??.??"]
[Source "ChessBase"]
[SourceDate "1993.06.01"]

1. Nf3 Nf6 2. c4 g6 3. Nc3 Bg7 4. e4 d6 5. d4 O-O 6. Be2 e5 7. d5 a5 8. Bg5 h6 9. Bh4 Na6 10. O-O Qe8 11. Nd2 Nh7 12. a3 Bd7 13. Kh1 a4 14. Nb5 Bxb5 15. cxb5 Nc5 16. f3 f5 17. Bf2 b6 18. Qc2 Qd7 19. Bxc5 bxc5 20. Bd3 Ng5 21. b4 axb3 22. Qxb3 h5 23. a4 h4 24. a5 h3 25. g3 fxe4 26. Bxe4 Nxe4 27. Nxe4 Bh6 28. b6 cxb6 29. Qxb6 Be3 30. Nxd6 Rf6 31. Qb3 Qxd6 32. Qxe3 Qxd5 33. Rad1 Qc6 34. Kg1 Rxa5 35. Rd8+ Kg7 36. Qxe5 Ra7 37. Qb8 Re7 38. Rg8+ Kh6 39. Rh8+ Rh7 40. Qg8 Rff7 41. Rxh7+ Rxh7 42. Qf8+ Rg7 43. Qh8+ Rh7 44. Qf8+ Rg7 45. Re1 Qd5 46. Qf4+ g5 47. Qg4 Rf7 48. Qxh3+ Kg7 49. Qg4 Rxf3 50. Re7+ 1/2-1/2

[Event "KNSB hoofdklasse"]
[Site "KNSB hoofdklasse"]
[Date "1991.??.??"]
[Round "8"]
[White "Speelman, Jonathan S"]
[Black "Polgar, Judit"]
[Result "1/2-1/2"]
[WhiteElo "2610"]
[BlackElo "2540"]
[PlyCount "82"]
[EventDate "1991.??.??"]
[Source "www.chesslib.no"]
[SourceDate "2004.05.04"]

1. d4 Nf6 2. c4 g6 3. Nc3 Bg7 4. e4 d6 5. Nf3 O-O 6. Be2 e5 7. d5 a5 8. Bg5 h6 9. Bh4 Na6 10. Nd2 Qe8 11. a3 Bd7 12. b3 Nh7 13. Rb1 h5 14. f3 Bh6 15. Bf2 Qe7 16. h4 Nc5 17. Qc2 f5 18. b4 axb4 19. axb4 Na4 20. Nd1 Nf6 21. Bd3 Bf4 22. Ne3 fxe4 23. Nxe4 Bf5 24. O-O Nxe4 25. Nxf5 gxf5 26. fxe4 Nb6 27. Qe2 Qg7 28. exf5 Nd7 29. Qxh5 Nf6 30. Qf3 Ng4 31. g3 Ra3 32. f6 Rxf6 33. Bh7+ Qxh7 34. Qxg4+ Qg6 35. Qxg6+ Rxg6 36. Ra1 Rc3 37. Ra8+ Kg7 38. Rc8 Bxg3 39. Rxc7+ Kh6 40. Bxg3 Rgxg3+ 41. Kh2 Rh3+ 1/2-1/2

[Event "Groningen"]
[Site "?"]
[Date "1994.??.??"]
[Round "?"]
[White "Gulko, B."]
[Black "van Wely, L."]
[Result "1-0"]
[WhiteElo "2590"]
[BlackElo "2560"]
[PlyCount "79"]
[EventDate "1994.??.??"]
[Source "ChessBase"]
[SourceDate "1994.10.01"]

1. c4 g6 2. d4 Bg7 3. e4 d6 4. Nc3 Nf6 5. Be2 O-O 6. Nf3 e5 7. d5 a5 8. Bg5 h6 9. Bh4 Na6 10. Nd2 Bd7 11. O-O Nc5 12. b3 Nfxe4 13. Bxd8 Nxc3 14. Qe1 Rfxd8 15. Nb1 Nxe2+ 16. Qxe2 e4 17. Nd2 f5 18. Rad1 g5 19. f4 a4 20. fxg5 hxg5 21. g4 axb3 22. Nxb3 f4 23. Nxc5 dxc5 24. Qxe4 Bxg4 25. Rde1 Rd6 26. Qe7 Rg6 27. Qxc7 Rxa2 28. Rf2 Ra8 29. d6 Bc3 30. Rb1 Rg7 31. Qxc5 Ra5 32. Qb6 Ra6 33. Qb3 Bd4 34. c5+ Kh8 35. Re1 Ra8 36. Qd5 Be3 37. Qe5 Bh3 38. Rxe3 fxe3 39. Rf7 Rag8 40. d7 1-0